000
00312nam a2200109Ia 4500
008
170221s9999 xx 000 0 und d
245
_a
Editorial: AABFJ Volume 8, Issue 8
260
_c
2013
300
_a
12 :
650
_x
Business
856
_u
http://ro.uow.edu.au/cgi/viewcontent.cgi?article=1514&context=aabfj
999
_c
313290
_d
313290